000 00640nam a2200253Ia 4500
005 20260121161211.0
008 008 260114s9999 xx 000 0 eng d
020 _a9781003461098
037 _aEBOOK
040 _aCRL
040 _beng
040 _cCRL
041 _2eng
041 _aeng
084 _qCRL
100 _aBesnik Pula
_91041444
245 0 _aAlfred Schutz, Phenomenology, and the Renewal of Interpretive Social Science:
260 _bTaylor and Francis
260 _c2024
856 _uhttp://www.taylorfrancis.com/books/9781003461098
942 _cEBOOK
999 _c1608260
_d1608260